| 000 | 009520000a22002050004500 | ||
|---|---|---|---|
| 082 | 0 | 4 | _aG 232.4 V35j |
| 100 | 1 | _aTaylor, Vincent | |
| 245 | 1 | 0 | _aJesus and his sacrifice : A study of the passion-sayings in the gospels / Vincent Taylor |
| 260 | _aLondon : Macmillan | ||
| 300 | _axii, 339 páginas | ||
| 500 | _aIncluye índices (p. 325-339) | ||
| 501 | _aPasta dura | ||
| 505 | 0 | 0 | _aLos antecedentes en el Antiguo Testamento - El reino de Dios - La esperanza mesiánica - El Hijo de hombre - El Hijo - El siervo de Jehová - Sacrificios - Los dichos de la pasión en los evangelios - Las consecuencias inmediatas de los dichos - Las mayores cuestiones planteadas por los dichos - La expiación |
| 650 | 1 | 4 | _aBiblia N.T. - Interpretación \ Cristología \ Jesucristo - Crucifixión - Expiación |
| 001 | 19622 | ||
| 942 | _cBK | ||
| 999 |
_c45984 _d45984 |
||
| 336 |
_atexto _btxt _2rdacontent |
||
| 337 |
_2rdamedia _asin mediación _bn |
||
| 338 |
_2rdacarrier _avolumen _bnc |
||